Statistiques concernant Liste des Enfoires depuis le début

Cliquez ici pour prendre le quiz!

Statistiques générales

  • Ce quiz a été pris 606 fois
    (428 depuis la dernière actualisation)
  • Le résultat moyen est 64 sur 251

Statistiques - réponses

Nombre de Participation(s)Année(s) de Participation(s)Profession PrincipaleNom% Correct
32016-2020-2021ChanteurBlack M
98%
271986-1989-1992-1993-1994-1995-1996-1997-1998-1999-2000-2001-2002-2003-2004-2005-2006-2007-2008-2009-2010-2011-2012-2013-2014-2015-2016ChanteurJean-Jacques Goldman
88%
291993-1994-1995-1996-1997-1998-1999-2000-2001-2002-2003-2004-2005-2006-2007-2008-2009-2010-2011-2012-2013-2014-2015-2016-2017-2018-2019-2020-2021ChanteurPatrick Bruel
85%
1*1986HumoristeColuche
79%
281994-1995-1996-1997-1998-1999-2000-2001-2002-2003-2004-2005-2006-2007-2008-2009-2010-2011-2012-2013-2014-2015-2016-2017-2018-2019-2020-2021ActeurMimie Mathy
79%
82011-2012-2013-2014-2015-2016-2017-2018-2019-2020-2021ChanteurZaz
76%
182003-2004-2005-2006-2007-2008-2009-2010-2011-2012-2013-2014-2015-2016-2017-2018-2019-2020ChanteurJennifer
75%
231999-2000-2001-2002-2003-2004-2005-2006-2007-2008-2009-2010-2011-2012-2013-2014-2015-2016-2017-2018-2019-2020-2021ChanteurPatrick Fiori
73%
251997-1998-1999-2000-2001-2002-2003-2004-2005-2006-2007-2008-2009-2010-2011-2012-2013-2014-2015-2016-2017-2018-2019-2020-2021ChanteurZazie
73%
161999-2000-2001-2002-2003-2004-2005-2006-2007-2008-2009-2010-2012-2013-2016-2017ChanteurGarou
69%
161997-1998-1999-2000-2001-2002-2005-2008-2009-2010-2011-2012-2013-2014-2015-2016ChanteurPascal Obispo
66%
12001SportifZinedine Zidane
65%
162006-2007-2008-2009-2010-2011-2012-2013-2014-2015-2016-2017-2018-2019-2020-2021ChanteurAmel Bent
64%
12019SportifKylian Mbappé
63%
221993-1994-1995-1996-1997-1998-1999-2000-2001-2002-2003-2004-2005-2006-2007-2008-2009-2013-2015-2016-2020-2021HumoristePierre Palmade
63%
62016-2017-2018-2019-2020-2021ChanteurSoprano
63%
71993-1994-1995-2002-2016-2019-2021ChnateurFlorent Pagny
62%
142007-2008-2009-2010-2011-2012-2014-2015-2016-2017-2018-2019-2020-2021ActeurKad Merad
62%
221997-1998-1999-2000-2001-2002-2004-2005-2006-2008-2009-2010-2011-2013-2014-2015-2016-2017-2018-2019-2020-2021HumoristeMichèle Laroque
62%
72009-2016-2017-2018-2019-2020-2021SportifSébastien Chabal
61%
151998-1999-2001-2002-2004-2005-2008-2010-2011-2012-2013-2015-2016-2017-2020ActeurGérard Jugnot
59%
62012-2013-2014-2015-2016-2017ChanteurM. Pokora
59%
181992-1993-1994-1995-1996-1997-1998-1999-2000-2001-2002-2003-2004-2005-2006-2007-2008-2020HumoristeMuriel Robin
59%
22014-2019SportifDidier Deschamps
58%
192002-2003-2004-2005-2006-2007-2008-2009-2010-2011-2012-2013-2014-2015-2016-2017-2018-2019-2021ChanteurLorie
57%
142006-2007-2008-2009-2010-2011-2012-203-2014-2016-2017-2019-2020-2021ChanteurNolwenn Leroy
56%
122008-2009-2010-2011-2012-2013-2014-2016-2017-2018-2020-2021ChanteurChristophe Maé
55%
151996-1997-1998-1999-2000-2001-2002-2003-2004-2005-2006-2008-2014-2016-2018ChanteurMarc Lavoine
55%
72014-2015-2016-2017-2018-2020-2021HumoristeMichaël Youn
54%
281989-1992-1993-1994-1996-1997-1999-2000-2001-2002-2004-2005-2006-2007-2008-2009-2010-2011-2012-2013-2014-2015-2016-2017-2018-2019-2020-2021ChanteurMichael Jones
51%
31994-1996-2008ChanteurCeline Dion
50%
61992-1994-1995-1998-1999-2004ChanteurRenaud
50%
191994-2002-2003-2004-2005-2007-2009-2010-2011-2012-2013-2014-2015-2016-2017-2018-2019-2020-2021ChanteurJean-Louis Aubert
49%
12021ChanteurVianney
49%
211997-2001-2002-2003-2004-2005-2006-2007-2008-2009-2010-2011-2012-2013-2014-2015-2016-2017-2018-2019-2020ChanteurMC Solaar
48%
172005-2006-2007-2008-2009-2010-2011-2012-2013-2014-2015-2016-2017-2018-2019-2020-2021ActriceClaire Keim
47%
151992-1994-1996-1997-1998-2000-2001-2002-2003-2004-2006-2007-2008-2010-2016ChanteurFrancis Cabrel
47%
152000-2001-2002-2003--2004-2005-2006-2007-2008-2009-2010-2011-2012-2014-2015ChanteurLââm
47%
221993-1995-1999-2000-2001-2002-2003-2004-2005-2006-2007-2009-2010-2011-2012-2014-2015-2016-2017-2018-2019-2020ChanteurLiane Foly
47%
32019-2020-2021ChanteurSlimane
47%
122007-2008-2009-2010-2012-2013-2014-2015-2016-2017-2018-2019ChanteurBenabar
46%
132008-2009-2010-2011-2013-2014-2015-2016-2017-2018-2019-2020-2021ChanteurChristophe Willem
45%
11992DanseurEric Vu-An
45%
31998-2001-2005ChanteurLara Fabian
45%
72013-2014-2015-2016-2017-2018-2019ChanteurTal
45%
22020-2021ChanteurVitaa
45%
3*1989-1997-1998ChanteurJohnny Halliday
44%
51994-1995-1997-1998-2002ChanteurLaurent Voulzy
43%
221995-1997-1998-1999-2000-2001-2002-2003-2004-2005-2006-2007-2008-2009-2010-2011-2012-2013-2014-2015-2016-2017ChanteurMaxime Le Forestier
43%
42018-2019-2020-2021ActeurPhilippe Lacheau
43%
101994-1995-1996-1997-1998-1999-2000-2002-2003ChanteurAlain Souchon
42%
82001-2002-2008-2009-2010-2011-2012-2013ChanteurAlizée
42%
32014-2015-2016HumoristeDany Boon
42%
31989-1994-1995ChanteurEddy Mitchell
42%
42012-2013-2014-2016ChanteurShy'm
42%
42017-2018-2019-2021ChanteurAmir
41%
32003-2004-2013HumoristeGad Elmaleh
41%
52016-2017-2018-2019-2020ChanteurKendji Girac
41%
14*1996-1999-2000-2001-2002-2003-2004-2005-2006-2008-2009-2010-2011-2013ChanteurMaurane
41%
11993ActeurMichel Blanc
41%
82010-2011-2012-2013-2014-2015-2016-2017ChanteurGrégoire
40%
11993ChanteurJacques Dutronc
40%
161996-1998-2000-2001-2002-2003-2005-2006-2008-2010-2014-2015-2016-2017-2018-2020ChanteurJulien Clerc
40%
12011SportifLaurent Blanc
40%
41989-1998-2004-2005ChanteurMichel Sardou
40%
102012-2013-2014-2015-2016-2017-2018-2019-2020-2021HumoristeNicolas Canteloup
40%
92009-2010-2011-2013-2014-2016-2017-2019-2020ChanteurThomas Dutronc
40%
61989-1995-1996-1997-1999-2020ChanteurVeronique Sanson
39%
111994-1998-2002--2003-2004-2005-2006-2008-2009-2010-2012MusicienCatherine Lara
38%
91999-2000-2001-2002-2003-2007-2008-2009-20017ChanteurDavid Halliday
38%
161999-2000-2001-2002-2004-2005-2006-2007-2008-2009-2010-2011-2012-2013-2014-2015ChanteurHélène Ségara
38%
111993-1996-1998-2002-2003-2004-2005-2006-2007-2011-2012ChanteurYannick Noah
38%
32019-2020-2021ChanteurClaudio Capéo
37%
91993-1994-1995-1996-1997-1998-1999-2001-2016ChanteurVanessa Paradis
37%
142005-2006-2007-2008-2010-2011-2012-2013-2014-2015-2016-2017-2019-2020ChanteurJean-Baptiste Maunier
36%
42004-2005-2006-2007ChanteurCalogero
35%
42018-2019-2020-2021ActeurElodie Fontan
35%
51995-1997-2007-2018-2021ManequinCarla Bruni
34%
2*1994-1999ChanteurCharles Aznavour
34%
12016ChanteurLouane
33%
32018-2019-2021ActeurTarek Boudali
33%
11999SportifFabien Barthez
32%
2*1993-1994ChanteurFrance Gall
32%
12021HumoristeKev Adams
32%
21999-2002SportifBixente Lizarazu
31%
12013ChanteurMika
31%
41996-1997-1998-2001ActeurThierry Lhermitte
31%
111997-1998-1999-2000-2001-2002-2004-2005-2006-2008-2012ChanteurElsa
30%
72004-2005-2006-2007-2012-2013-2014ChanteurChimène Badi
29%
151992-1993-1995-1997-1998-1999-2000-2001-2002-2003-2004-2006-2007-2010-2011ChanteruPatricia Kaas
29%
42018-2019-2020-2021ActeurJulien Arruti
28%
12011SportifSébastien Loeb
28%
32019-2020-2021HumoristeAry Abittan
27%
9*1992-1994-1995-1996-1997-1998-1999-2000-2001ChanteurCarole Fredericks
27%
32014-2015-2016ChanteurEmmanuel Moire
27%
22020-2021HumoristeInès Reg
27%
22016-2017HumoristeJeff Panacloc
27%
52009-2010-2011-2012-2013ChanteurRenan Luce
27%
31993-1995-1999ActeurAlain Chabat
26%
12020SportifAmandine Henry
26%
21994-2001ActeurCharlotte Gainsbourg
26%
31995-1998-1999HumoristeElie Semoun
26%
41998-1999-2000-2001HumoristeJean-Marie Bigard
26%
131994-1996-1997-1998-1999-2000-2001-2002-2003-2005-2006-2010-2016ActeurPatrick Timsit
26%
12017AstronauteThomas Pesquet
26%
72003-2004-2005-2006-2007-2008-2009ChanteurJulie Zenatti
25%
112003-2004-2005-2006-2007-2009-2010-2011-2013-2014-2015ChanteurNatacha St-Pierre
25%
11993ChanteurTonton David
25%
21994-1997ActeurEmmanuelle Béart
24%
11986AnimateurMichel Drucker
24%
12016SportifZlatan Ibrahimovic
24%
11999SportifEmmanuel Petit
23%
41999-2000-2002-2011ChanteurSerge Lama
23%
12020SportifTony Parker
23%
12012SportifKarim Benzema
22%
11999SportifLilian Thuram
22%
22020-2021ActeurAlice Pol
21%
11999SportifChristian Karembeu
21%
12019ActeurDidier Bourdon
21%
12009SportifFranck Ribéry
21%
11997ChanteurKhadja Nin
21%
62016-2017-2018-2019-2020-2021DanseurMarie-Agnès Gillot
21%
81996-2001-2002-2003-2005-2006-2008-2009ChanteurGérald De Palmas
20%
31994-1996-1997ChanteurJane Birkin
20%
11986SportifMichel Platini
20%
12011SportifCamille Lacourt
19%
72003-2004-2005-2006-2007-2008-2009ActeurGérard Darmon
19%
32019-2020-2021ActeurIsabelle Nanty
19%
11995ActeurAlain Delon
18%
12019ActeurPascal Légitimus
18%
12019ActeurBernard Campan
17%
21986-1997ActeurCatherine Deneuve
17%
32005-2006-2015ChanteurCorneille
17%
12001SportifDavid Douillet
17%
62006-2007-2008-2009-2011-2014ChanteurTina Arena
17%
11999ManequinLaeticia Casta
16%
12001SportifAimé Jacquet
15%
12011SportifAlain Bernard
15%
11999ChanteurAnggun
15%
11998SportifEric Cantona
15%
12002SportifFrank Leboeuf
15%
11999ChanteurHugues Aufray
15%
32001-2002-2005ChanteurIsabelle Boulay
15%
91996-1998-1999-2000-2001-2005-2006-2007-2008ManequinKaren Mulder
15%
51996-1999-2000-2003-2005ChanteurOphelie Winter
15%
11992Animateur¨Patrick Sébastien
15%
32006-2007-2009ChanteurRaphael
15%
11995HumoristeDieudonné
14%
42018-2019-2020-2021ActeurLa Bande a Fifi
14%
12019HumoristeLes Inconnus
14%
61997-1999-2000-2001-2002-2005ChanteurRoch Voisine
14%
12013SportifYannick Agnel
14%
52002-2003-2004-2005-2006ChanteurAlex Bauer
13%
21993-1995ActeurChantal Lauby
13%
11999ChanteurEtienne Daho
13%
12001ChanteurFaudel
13%
12013DanseurJean-Marc Généreux
13%
21996-1999ChanteurKhaled
13%
61997-1999-2001-2004-2006-2016ActeurSandrine Kiberlain
13%
12000SportifChristophe Dugarry
12%
11996ActeurJean Reno
12%
11995HumoristeLaurent Baffie
12%
11995ChanteurMichel Fugain
12%
31986-1996-2007ActeurNathalie Baye
12%
31996-1997-1998ChanteurPhilippe Lavil
12%
11998ChanteurSalvatore Adamo
12%
51992-1993-1995-1997-19998HumoristeSmaïn
12%
21993-1994ActeurValérie Lemercier
12%
21998-2000ChanteurAxelle Red
11%
12001ChanteurDaniel Lévi
11%
31998-2002-2003ChanteurDany Brillant
11%
11997ChanteurDave
11%
21993-1995ActeurDominique Farrugia
11%
12011SportifFabien Gilot
11%
2199-2012ActeurFabrice Luchini
11%
11999ChanteurFrédéric François
11%
12020ChanteurMaëlle
11%
21998-2001DanseurPatrick Dupond
11%
12016MusicienRenaud Capuçon
11%
11998ActeurRichard Anconina
11%
12016ActeurSophie Marceau
11%
2*1993-1995ActeurElie Kakou
10%
12016ActeurFrancois Damiens
10%
11999ActeurRichard Berry
10%
11999SportifAlain Boghossian
9%
11995SportifBasile Boli
9%
1*1995ChanteurGilbert Bécaud
9%
12001SportifGuy Roux
9%
12000ActeurJosé Garcia
9%
12016ActeurMonica Bellucci
9%
12016HumoristeVéronic Dicaire
9%
81994-1995-1996-1997-1998-1999-2000-2005HumoristeYves Lecoq
9%
12000ChanteurAnnie Cordy
8%
11998ChanteurDoc Gynéco
8%
11997ActeurFanny Ardant
8%
1*2016EcrivainJean d'Ormesson
8%
11998ChanteurMireille Mathieu
8%
11996ActeurCarole Bouquet
7%
21999-2001ChanteurDan Ar Braz
7%
12002ChanteurEmile et Images
7%
12008ActeurFrédéric Diefenthal
7%
12006SportifGrégory Coupet
7%
22019-2020HumoristeMalik Bentalha
7%
11998ChanteurStephan Eicher
7%
12003ActeurArielle Dombasle
6%
12012SportifBafétimbi Gomis
6%
1*1999ChanteurDick Rivers
6%
21993-1995HumoristeLes Nuls
6%
21993-1999ActeurMartin Lamotte
6%
12001DanseurMia Frye
6%
12007ChanteurNâdiya
6%
21998-1999ChanteurNative
6%
12013ActeurPatrick Chesnais
6%
11998ChanteurPatrick Juvet
6%
11994ActeurRomane Bohringer
6%
12003ManequinEstelle Lefébure
5%
12020ChanteurHelena Noguerra
5%
21996-1997ChanteurLes Innocents
5%
11996HumoristeMichel Leeb
5%
21996-1997ChanteurPrincesse Erika
5%
12001ChanteurRichard Cocciante
5%
1*1995ChanteurSerge Reggiani
5%
31993-1996-1999ChanteurAlain Lanty
4%
12011SportifAmaury Leveaux
4%
1*1997ActeurCaroline Cellier
4%
11999ChanteurCoumba Gawlo
4%
11997ChanteurI Muvrini
4%
1*2001ActeurJean-Claude Brialy
4%
11996ChanteurJocelyne Béroard
4%
11992AnimateurMaryse Gildas
4%
11997ChanteurNana Mouskouri
4%
12017HumoristeNorman
4%
1*1986ChanteurYves Montant
4%
21997-1998ChanteurYves Simon
4%
11993ChanteurDiane Dufresne
3%
21992-1994MusicienJean-Jacques Milteau
3%
21994-1997ChanteurPow woW
3%
12021ChanteurRébecca
3%
11993ActeurClaire Nadeau
2%
12019ManequinDaniela De Jesus Cosio
2%
11996ChanteurJacques Veneruso
2%
51993-1995-1998-2000-2005ActeurJosiane Balsko
2%
11993ProducteurLuc Plamondon
2%
11994ActeurMarius Colluci
2%
12019ActeurPauline Lefèvre
2%
11994ChanteurPaul Personne
2%
11993ChanteurPeter Kingsbery
2%
11993ChanteurRenaud Hantson
2%
12002HumoristeTitoff
2%
12021ActeurAlice Taglioni
1%
12018DanseurVincent Caillet
0%

Distribution des résultats

Percentile par nombre de réponses

% des personnes avec chaque résultat

Votre développement - résultats

Vous n’avez pas pris ce quiz depuis la dernière actualisation